[Event "SVK-chT4 A22 1718"]
[Site "Slovakia"]
[Date "2017.11.12"]
[Round "4.3"]
[White "Klanica, Anton"]
[Black "Korosi, Gejza"]
[Result "1-0"]
[WhiteElo "1750"]
[BlackElo "1656"]
[PlyCount "113"]
[EventDate "2017.10.01"]
[EventType "team-tourn"]
[EventRounds "11"]
[EventCountry "SVK"]
[SourceTitle "EXT 2020"]
[Source "ChessBase"]
[SourceDate "2019.10.17"]
[SourceVersion "1"]
[SourceVersionDate "2019.10.17"]
[SourceQuality "1"]

1. e4 e5 2. Nf3 Nc6 3. Bc4 h6 4. d3 d6 5. a3 Nf6 6. Be3 Be7 7. Nbd2 a6 8. h3 Na5 9. Ba2 c5 10. 0-0 Nc6 11. c3 0-0 12. Nh2 Bd7 13. f4 Qc7 14. f5 Rac8 15. Ng4 Nxg4 16. Qxg4 Kh7 17. Qh5 Qd8 18. Bxf7 Bg5 19. Bg6+ Kh8 20. Bxg5 Qxg5 21. Qxg5 hxg5 22. Nc4 Rf6 23. Nb6 Rd8 24. Nd5 Rff8 25. Rf3 Be8 26. Bxe8 Rdxe8 27. Nc7 Rc8 28. Ne6 Rf6 29. Nxg5 b5 30. Rf2 Kg8 31. g4 Rcf8 32. Ne6 Rb8 33. g5 Rf7 34. g6 Rf6 35. Kg2 Nd8 36. Nxd8 Rxd8 37. c4 Kf8 38. Kg3 Ke7 39. h4 Rff8 40. Kg4 Kf6 41. h5 Rh8 42. Rh2 bxc4 43. dxc4 Rb8 44. Rd2 Rhd8 45. Rh1 Ke7 46. Kg5 Rb3 47. Rg2 Rdb8 48. h6 gxh6+ 49. Rxh6 Rxb2 50. Rh7+ Kf8 51. Rxb2 Rxb2 52. Kf6 Kg8 53. Ra7 Rb8 54. Rxa6 Rd8 55. Rc6 Kf8 56. g7+ Kg8 57. Kg6 1-0

[Event "SVK-chT4 A22 1516"]
[Site "Slovakia"]
[Date "2016.04.03"]
[Round "11.1"]
[White "Szekely, Stefan"]
[Black "Korosi, Gejza"]
[Result "1/2-1/2"]
[WhiteElo "1852"]
[BlackElo "1499"]
[PlyCount "21"]
[EventDate "2015.10.04"]
[EventType "team-tourn"]
[EventRounds "11"]
[EventCountry "SVK"]
[SourceTitle "EXT 2020"]
[Source "ChessBase"]
[SourceDate "2019.10.17"]
[SourceVersion "1"]
[SourceVersionDate "2019.10.17"]
[SourceQuality "1"]

1. c4 e5 2. Nc3 c5 3. d3 Nf6 4. Nf3 d6 5. g3 Be7 6. Bg2 0-0 7. 0-0 Nc6 8. a3 a6 9. Rb1 Bd7 10. b4 b6 11. Nd5 1/2-1/2

[Event "SVK-chT4 A22 1516"]
[Site "Slovakia"]
[Date "2016.01.24"]
[Round "7.1"]
[White "Bott, Tamas"]
[Black "Korosi, Gejza"]
[Result "1/2-1/2"]
[WhiteElo "1690"]
[BlackElo "1499"]
[PlyCount "39"]
[EventDate "2015.10.04"]
[EventType "team-tourn"]
[EventRounds "11"]
[EventCountry "SVK"]
[SourceTitle "EXT 2020"]
[Source "ChessBase"]
[SourceDate "2019.10.17"]
[SourceVersion "1"]
[SourceVersionDate "2019.10.17"]
[SourceQuality "1"]

1. e4 e5 2. Nf3 d6 3. Bc4 h6 4. Nc3 Nf6 5. 0-0 c5 6. d3 Be7 7. Be3 0-0 8. Qd2 a6 9. Bxh6 gxh6 10. Qxh6 Nh7 11. h4 Nc6 12. Qg6+ Kh8 13. Bxf7 Nd4 14. Qh5 Rxf7 15. Qxf7 Be6 16. Qh5 Nxf3+ 17. Qxf3 Bxh4 18. Rfe1 Qg8 19. g3 Rf8 20. Qg2 1/2-1/2

[Event "SVK-chT4 A22 1415"]
[Site "Slovakia"]
[Date "2015.02.01"]
[Round "8.1"]
[White "Sloboda, Jozef"]
[Black "Korosi, Gejza"]
[Result "0-1"]
[WhiteElo "1506"]
[BlackElo "1502"]
[PlyCount "64"]
[EventDate "2014.10.12"]
[EventType "team-tourn"]
[EventRounds "11"]
[EventCountry "SVK"]
[SourceTitle "EXT 2019"]
[Source "ChessBase"]
[SourceDate "2018.10.10"]
[SourceVersion "1"]
[SourceVersionDate "2018.10.10"]
[SourceQuality "1"]

1. e4 e5 2. Nf3 Nc6 3. Bb5 Nf6 4. d3 Nd4 5. Nxd4 exd4 6. e5 Nd5 7. 0-0 Bc5 8. Re1 0-0 9. b3 a6 10. Ba4 b5 11. Bb2 bxa4 12. Nd2 a3 13. Bc1 d6 14. exd6 Bxd6 15. Nc4 c5 16. Nxd6 Qxd6 17. h3 Be6 18. Bxa3 Nc3 19. Qd2 Rac8 20. f4 Rfe8 21. Rf1 Bd5 22. Rf2 Re7 23. Re1 Rce8 24. Rxe7 Rxe7 25. g4 Bc6 26. Bb2 Qd5 27. Rh2 Re2 28. Rxe2 Qh1+ 29. Kf2 Qh2+ 30. Kf1 Qh1+ 31. Kf2 Qg2+ 32. Ke1 Qg1# 0-1

[Event "SVK-chT3A2 0607"]
[Site "Slovakia"]
[Date "2007.03.25"]
[Round "11"]
[White "Korosi, Gejza"]
[Black "Zisek, Jaroslav"]
[Result "1/2-1/2"]
[WhiteElo "1535"]
[BlackElo "1946"]
[PlyCount "38"]
[EventDate "2006.10.08"]
[EventType "team-tourn"]
[EventRounds "11"]
[EventCountry "SVK"]
[SourceTitle "EXT 2008"]
[Source "ChessBase"]
[SourceDate "2007.11.25"]
[SourceVersion "1"]
[SourceVersionDate "2007.11.25"]
[SourceQuality "1"]
[WhiteTeam "Velky Meder"]
[BlackTeam "Senica II"]
[WhiteTeamCountry "SVK"]
[BlackTeamCountry "SVK"]

1. e4 c5 2. c4 Nc6 3. Nf3 e5 4. g3 g6 5. Bg2 Bg7 6. 0-0 Nge7 7. a3 0-0 8. Nc3 d6 9. d3 h6 10. Bd2 Kh7 11. Qc1 Nd4 12. Nxd4 exd4 13. Nd5 f5 14. Re1 Nxd5 15. exd5 Bd7 16. a4 Qf6 17. f4 Qd8 18. b3 Bf6 19. Re2 Re8 1/2-1/2